[Event "10th Chennai Open 2018"]
[Site "Chennai IND"]
[Date "2018.01.24"]
[Round "9.13"]
[White "Pranav, V"]
[Black "Karthikeyan, P."]
[Result "0-1"]
[BlackTitle "IM"]
[WhiteElo "2275"]
[BlackElo "2497"]
[WhiteFideId "25060783"]
[BlackFideId "5018226"]
[EventDate "2018.01.18"]

1. e4 e5 2. Nf3 Nc6 3. Nc3 Nf6 4. Bb5 Bd6 5. d3 h6 6. a3 a6 7. Bc4 Bc5 8. Be3 d6
9. Bxc5 dxc5 10. Bd5 Nxd5 11. exd5 Ne7 12. Nxe5 Nxd5 13. O-O O-O 14. Qf3 Be6 15.
Ne4 b6 16. Rae1 Qh4 17. Qd1 Rae8 18. g3 Qd8 19. f4 Ne7 20. c3 f6 21. Nf3 Qd7 22.
Rf2 Bg4 23. Rd2 Nf5 24. Kg2 Re7 25. Qb3+ Kh8 26. Qc2 Rfe8 27. Rde2 c4 28. dxc4
Qc6 29. Qd3 Rd7 30. Qc2 Qxc4 31. h3 Bxf3+ 32. Kxf3 Rd3+ 33. Kg2 Qd5 34. c4 Qd4
35. Qc1 h5 36. h4 Rxe4 37. Rxe4 Rxg3+ 38. Kh1 Qf2 39. Re8+ Kh7 40. Qd1 Qg2# 0-1

[Event "10th Chennai Open 2018"]
[Site "Chennai IND"]
[Date "2018.01.24"]
[Round "9.14"]
[White "Harshavardhan, G B"]
[Black "Nguyen, Duc Hoa"]
[Result "0-1"]
[BlackTitle "GM"]
[WhiteElo "2107"]
[BlackElo "2490"]
[WhiteFideId "25059009"]
[BlackFideId "12401358"]
[EventDate "2018.01.18"]

1. d4 Nf6 2. Nf3 g6 3. Bg5 Bg7 4. Nbd2 d5 5. e3 O-O 6. Bd3 c5 7. c3 Nbd7 8. O-O
b6 9. Qe2 Bb7 10. e4 cxd4 11. Nxd4 h6 12. Bh4 e5 13. N4f3 Qc7 14. Bg3 Rfe8 15.
exd5 Nxd5 16. Rfe1 a6 17. h4 Nc5 18. Bc2 Qc6 19. Ne4 Nxe4 20. Qxe4 f5 21. Qe2 e4
22. Nd4 Qf6 23. Qc4 Rac8 24. Qb3 Kh8 25. h5 gxh5 26. Rad1 h4 27. Bh2 Qg5 28. Kh1
e3 29. f3 e2 30. Rxe2 Rxe2 31. Nxe2 Ne3 32. Nf4 h3 33. Qxb6 hxg2+ 34. Kg1 Nxd1
35. Qxb7 Re8 36. Ne6 Qe3+ 37. Kxg2 Qe2+ 38. Kh3 Nf2+ 39. Kg3 Nh1+ 40. Kh3 Qxe6
41. Bb3 Qg6 42. Qa7 Qh5+ 43. Kg2 Re2+ 44. Kg1 Qxh2+ 45. Kf1 Ng3# 0-1

[Event "10th Chennai Open 2018"]
[Site "Chennai IND"]
[Date "2018.01.24"]
[Round "9.15"]
[White "Bharath, Subramaniyam H"]
[Black "Khusenkhojaev, Muhammad"]
[Result "0-1"]
[WhiteTitle "CM"]
[BlackTitle "IM"]
[WhiteElo "1998"]
[BlackElo "2462"]
[WhiteFideId "46634827"]
[BlackFideId "14700247"]
[EventDate "2018.01.18"]

1. e4 e5 2. Nf3 Nc6 3. Bb5 Nf6 4. Qe2 Be7 5. c3 d6 6. d4 Bd7 7. d5 Nb8 8. Bxd7+
Nbxd7 9. c4 O-O 10. Nc3 Ne8 11. Be3 c5 12. O-O g6 13. Bh6 Ng7 14. Ne1 Bg5 15.
Bxg7 Kxg7 16. Nd3 Bh6 17. a3 a6 18. Rab1 Rc8 19. g3 Qg5 20. Rbd1 Rce8 21. Kh1 f5
22. f4 Qg4 23. Qxg4 fxg4 24. Rde1 Kg8 25. Kg2 exf4 26. gxf4 Bg7 27. Nd1 Bd4 28.
N1f2 h5 29. e5 dxe5 30. Ne4 exf4 31. Nxf4 Ne5 32. Ne6 Rxf1 33. Rxf1 Nxc4 34. Rc1
Ne3+ 35. Kg3 Nxd5 36. N4xc5 Be5+ 37. Kf2 b6 38. Re1 bxc5 39. Rxe5 Nf4 40. Rxc5
Rxe6 41. Rc3 Re2+ 42. Kg3 g5 43. Rc8+ Kf7 44. Rc7+ Ke6 45. Rc6+ Kd5 46. Rc2 Rxc2
47. b3 Rg2# 0-1

[Event "10th Chennai Open 2018"]
[Site "Chennai IND"]
[Date "2018.01.24"]
[Round "9.16"]
[White "Arjun, Kalyan"]
[Black "Ram, S. Krishnan"]
[Result "1/2-1/2"]
[WhiteElo "2407"]
[BlackElo "2223"]
[WhiteFideId "35018701"]
[BlackFideId "5010519"]
[EventDate "2018.01.18"]

1. e4 d6 2. d4 Nf6 3. Nc3 c6 4. h3 b5 5. Bd3 e5 6. Nf3 Nbd7 7. O-O Be7 8. a4 b4
9. Ne2 O-O 10. Ng3 Re8 11. a5 Bf8 12. Be3 exd4 13. Nxd4 Ne5 14. Be2 c5 15. Nf3
Bb7 16. Nxe5 Rxe5 17. Bf4 Re6 18. Bc4 d5 19. exd5 Bxd5 20. Qd3 Bxc4 21. Qxc4 Qd5
22. b3 Qxc4 23. bxc4 Bd6 24. Bxd6 Rxd6 25. Nf5 Rd2 26. Ne3 a6 27. Rfd1 Rad8 28.
Rxd2 Rxd2 29. Kf1 Ne4 30. Ke1 Rxf2 31. Rd1 f5 32. Rd8+ Kf7 33. Ra8 f4 34. Ra7+
Kg6 35. Rxa6+ Kg5 36. h4+ Kxh4 37. Re6 fxe3 38. Rxe4+ Kg5 39. Rxe3 Rxc2 40. Re5+
Kf6 41. Rxc5 b3 42. Kd1 Rxg2 43. Rb5 Ra2 44. Rxb3 Rxa5 45. Rb6+ Ke5 46. Rb7 Ra1+
47. Ke2 Rg1 48. Kf2 Rg6 49. c5 Kd5 50. Rc7 h6 51. Kf3 Rf6+ 52. Kg4 g6 53. Rh7 g5
54. Rc7 Rc6 55. Ra7 Kxc5 56. Kh5 Kd5 57. Ra5+ Kd4 58. Ra4+ Kc5 59. Ra5+ Kb6 60.
Ra1 Kc7 61. Ra7+ Kd8 62. Ra8+ Kc7 63. Ra7+ Kb6 64. Ra1 Kc5 65. Ra5+ Kd4 66. Ra4+
Rc4 67. Ra6 Ke4 68. Kxh6 g4 69. Kg5 Kf3 70. Kh4 Ke4 71. Kg5 g3 1/2-1/2

[Event "10th Chennai Open 2018"]
[Site "Chennai IND"]
[Date "2018.01.24"]
[Round "9.17"]
[White "Ameir, Moheb"]
[Black "Kushagra, Mohan"]
[Result "1/2-1/2"]
[WhiteTitle "IM"]
[BlackTitle "CM"]
[WhiteElo "2394"]
[BlackElo "2150"]
[WhiteFideId "10600620"]
[BlackFideId "25033638"]
[EventDate "2018.01.18"]

1. e4 e5 2. Nf3 Nc6 3. Bb5 a6 4. Ba4 Nf6 5. O-O Nxe4 6. d4 b5 7. Bb3 d5 8. dxe5
Be6 9. Nbd2 Nc5 10. c3 Nxb3 11. Nxb3 Be7 12. Nfd4 Nxd4 13. cxd4 a5 14. Qc2 Qd7
15. Bd2 Bf5 16. Qc3 b4 17. Qe3 O-O 18. Rac1 Ra6 19. Nc5 Bxc5 20. Rxc5 Rg6 21.
Rfc1 Qa4 22. Qb3 Qxb3 23. axb3 Ra8 24. f3 Rb6 25. Rxc7 h6 26. g4 Be6 27. Ra1
Rbb8 28. Kf2 Ra6 29. Rc5 Rba8 30. Ke2 Kh7 31. Rc7 Rc8 32. Rxc8 Bxc8 33. Rc1 Be6
34. Rc5 g5 35. Be1 Kg6 36. Rb5 Ra8 37. h4 h5 38. gxh5+ Kxh5 39. hxg5 Kxg5 40.
Rc5 Kf5 41. Bd2 Kg6 42. Be1 Kf5 43. Bd2 Kg6 44. Rc1 Rc8 45. Rxc8 Bxc8 46. Ke3
Bf5 47. Be1 Bc2 48. Bh4 Bxb3 49. Bd8 a4 50. Be7 Kf5 51. Bxb4 Bd1 52. Be7 Bb3 53.
f4 Ke6 54. Bb4 Kf5 55. Be1 Ke6 56. Kd3 f5 1/2-1/2

[Event "10th Chennai Open 2018"]
[Site "Chennai IND"]
[Date "2018.01.24"]
[Round "9.18"]
[White "Rathnakaran, K."]
[Black "Nguyen, Phuoc Tam"]
[Result "1-0"]
[WhiteTitle "IM"]
[WhiteElo "2372"]
[BlackElo "2068"]
[WhiteFideId "5005507"]
[BlackFideId "12402109"]
[EventDate "2018.01.18"]

1. e4 g6 2. d4 Bg7 3. Nc3 d6 4. Be3 a6 5. a4 Nd7 6. Qd2 e6 7. h4 h5 8. Nf3 b6 9.
Ng5 Bb7 10. Be2 Ngf6 11. f4 c5 12. O-O-O Qc7 13. dxc5 dxc5 14. e5 Nd5 15. Nxd5
Bxd5 16. Bf3 Bxf3 17. gxf3 Rd8 18. Qd6 Qxd6 19. Rxd6 Bf8 20. Rc6 Be7 21. Ne4 Rf8
22. Rd1 Bxh4 23. Nd6+ Ke7 24. Rc7 Rb8 25. a5 Rfd8 26. axb6 Kf8 27. Nb7 Nxb6 28.
Bxc5+ Ke8 29. Bxb6 Rxd1+ 30. Kxd1 Be7 31. Ke2 h4 32. Kf2 1-0

[Event "10th Chennai Open 2018"]
[Site "Chennai IND"]
[Date "2018.01.24"]
[Round "9.19"]
[White "Saravana, Krishnan P."]
[Black "Dixit, Nikhil"]
[Result "0-1"]
[WhiteElo "2323"]
[BlackElo "2139"]
[WhiteFideId "5018382"]
[BlackFideId "5059534"]
[EventDate "2018.01.18"]

1. e4 g6 2. d4 Bg7 3. Nc3 c6 4. Nf3 d6 5. h3 Nf6 6. Be3 O-O 7. Qd2 Qa5 8. Bd3 b5
9. a3 e5 10. dxe5 dxe5 11. O-O Qc7 12. Ne2 a5 13. Ng3 Ba6 14. Bh6 Nbd7 15. Nh4
Ne8 16. Rad1 Nc5 17. Be2 Ne6 18. Nf3 Nf4 19. Bxg7 Kxg7 20. b4 Nf6 21. Rfe1 Rad8
22. Qe3 Nxe2+ 23. Nxe2 Nd7 24. Nh4 f6 25. Qg3 Nb6 26. Rd3 Bc8 27. f4 Rxd3 28.
cxd3 axb4 29. axb4 Qd6 30. fxe5 Qxe5 31. Qf2 Nd7 32. Rc1 Qd6 33. d4 Qxb4 34. Qg3
Qd2 35. Kf1 c5 36. dxc5 Ne5 37. Nf3 Qd3 38. Nd4 Qxe4 39. c6 Rd8 40. Qa3 Nc4 41.
Qg3 Rxd4 42. Nxd4 Qxd4 43. Re1 Bf5 44. Qf2 Qxf2+ 45. Kxf2 Ne5 46. g4 Bc8 47. Rb1
Nxc6 48. Rxb5 Ne7 49. Ke3 g5 50. Kf3 h5 51. Rc5 h4 52. Rc7 Kf7 53. Kf2 Ke6 54.
Ra7 Nd5 55. Kg2 Nf4+ 56. Kh2 Bd7 57. Ra6+ Ke5 58. Ra7 Bc6 59. Re7+ Kd6 60. Ra7
Bg2 61. Ra6+ Ke5 62. Ra5+ Ke6 63. Ra6+ Kf7 64. Ra7+ Kg6 0-1

[Event "10th Chennai Open 2018"]
[Site "Chennai IND"]
[Date "2018.01.24"]
[Round "9.20"]
[White "Kandil, Adham"]
[Black "Barath, Kalyan M"]
[Result "1/2-1/2"]
[WhiteTitle "IM"]
[WhiteElo "2294"]
[BlackElo "2022"]
[WhiteFideId "10618490"]
[BlackFideId "25016555"]
[EventDate "2018.01.18"]

1. e4 c5 2. Nf3 e6 3. d4 cxd4 4. Nxd4 a6 5. Bd3 Nc6 6. Nxc6 dxc6 7. O-O e5 8.
Nd2 Nf6 9. Nc4 Bg4 10. Qe1 Nd7 11. a4 b5 12. Ne3 Be6 13. b4 Be7 14. Nf5 Bxf5 15.
exf5 O-O 16. Bd2 Bf6 17. Be4 Rc8 18. axb5 axb5 19. Qe2 Nb6 20. Be3 Nd5 21. Rfd1
Nc3 22. Qf3 Nxd1 23. Rxd1 Qc7 24. Rc1 Rfd8 25. c4 bxc4 26. Rxc4 Qb7 27. g3 Qb5
28. Qe2 Be7 29. Qc2 Bxb4 30. Bxc6 Rd1+ 31. Qxd1 Qxc4 32. Bd5 Qc2 33. Qh5 Qc7 34.
Qd1 Bc5 35. Bxc5 Qxc5 36. Qb3 Qe7 37. Kg2 Rd8 38. Qc4 Qd7 39. Be4 Qd4 40. Qc6 h5
41. h4 Rb8 42. Bc2 Qb6 43. Qd5 Qb7 44. Qxb7 Rxb7 45. Bd1 g6 46. fxg6 fxg6 47.
Bc2 Kg7 48. Be4 Rb4 49. Kf3 Kf6 50. Ke3 g5 51. hxg5+ Kxg5 52. Bd5 h4 53. gxh4+
Rxh4 54. Bc6 Rh3+ 55. Ke4 Kf6 56. Bb7 Rb3 57. Bc8 Rb4+ 58. Ke3 Ke7 59. Bf5 Kd6
60. Bh7 Kc5 61. Bg8 Rf4 62. Bh7 Kc4 63. Bg8+ Kc3 64. Bd5 Kc2 65. Bf3 Ra4 66. Bh5
Rh4 67. Bf3 Rh3 68. Ke4 Kd2 69. Bg4 Rh2 70. Kxe5 Rxf2 71. Bf5 Ke3 72. Be6 Rf8
73. Bd5 Kf2 74. Bb3 Kf3 75. Kd4 Ke2 76. Kc3 Rc8+ 77. Kd4 Kf3 78. Bd5+ Kf4 79.
Bc4 Rd8+ 80. Kc3 Ke3 81. Kb2 Kd2 82. Ka1 Kc2 83. Be6 Ra8+ 84. Ba2 Rb8 85. Bf7
Ra8+ 86. Ba2 1/2-1/2

[Event "10th Chennai Open 2018"]
[Site "Chennai IND"]
[Date "2018.01.25"]
[Round "10.1"]
[White "Gareyev, Timur"]
[Black "Rozum, Ivan"]
[Result "1-0"]
[WhiteTitle "GM"]
[BlackTitle "GM"]
[WhiteElo "2605"]
[BlackElo "2595"]
[WhiteFideId "14200937"]
[BlackFideId "24104272"]
[EventDate "2018.01.18"]

1. d4 Nf6 2. c4 e6 3. Nf3 Bb4+ 4. Nbd2 O-O 5. a3 Be7 6. e4 d5 7. Bd3 c5 8. e5
Nfd7 9. h4 h6 10. Bb1 Re8 11. Ng5 cxd4 12. f4 Nc6 13. Qh5 Rf8 14. cxd5 exd5 15.
O-O Qe8 16. Ndf3 d3 17. Bxd3 f5 18. Qxe8 Rxe8 19. Ne6 Bc5+ 20. Nxc5 Nxc5 21. Rd1
Nxd3 22. Rxd3 Be6 23. Be3 Rec8 24. Rc1 Kf7 25. Rdc3 Ke8 26. Kf2 Kd7 27. b4 b6
28. h5 Bf7 29. e6+ 1-0

[Event "10th Chennai Open 2018"]
[Site "Chennai IND"]
[Date "2018.01.25"]
[Round "10.3"]
[White "Laxman, R.R."]
[Black "Visakh, N R"]
[Result "1-0"]
[WhiteTitle "GM"]
[BlackTitle "IM"]
[WhiteElo "2434"]
[BlackElo "2457"]
[WhiteFideId "5005361"]
[BlackFideId "25012223"]
[EventDate "2018.01.18"]

1. d4 Nf6 2. Nf3 d5 3. c4 e6 4. g3 Bb4+ 5. Bd2 Be7 6. Bg2 O-O 7. O-O Nbd7 8. Qc2
c6 9. a4 a5 10. Bf4 Nh5 11. Bc1 f5 12. e3 Bd6 13. b3 Qe7 14. Ba3 Bxa3 15. Nxa3
Nhf6 16. Rfd1 Ne4 17. Ne1 g5 18. f3 Nd6 19. c5 Nf7 20. f4 g4 21. Nd3 Kh8 22. Qb2
Nf6 23. Nb1 h5 24. Nc3 Kg7 25. Ne2 Rh8 26. b4 axb4 27. Qxb4 h4 28. a5 hxg3 29.
hxg3 Qd8 30. Qb6 Qf8 31. Rdb1 Kg8 32. Nf2 Ra6 33. Qb4 Qh6 34. Kf1 Qh2 35. Qe1
Kg7 36. Nd1 Ra8 37. Ndc3 Ne4 38. Nxe4 fxe4 39. Kf2 Qh6 40. Qb4 Qf6 41. Qb6 Qe7
42. Nc3 Rf8 43. Ke1 Nh6 44. Ne2 Nf5 45. Kf2 Ra6 46. Qb4 Rh8 47. Qc3 Qd8 48. Rh1
Rxh1 49. Bxh1 Kg6 50. Bg2 Ra8 51. Nc1 Qh8 52. Rb1 Ra6 53. Ne2 Qd8 54. Ra1 Ra8
55. Qd2 Qc7 56. Nc1 Qh7 57. Qd1 Nh6 58. Nb3 Bd7 59. Qe2 Rh8 60. Nd2 Be8 61. Rb1
Kf6 62. a6 bxa6 63. Qxa6 Nf5 64. Qb6 Qe7 65. Qb8 Kg6 66. Nf1 Qf6 67. Qb2 Qg7 68.
Ra1 Qc7 69. Ra8 Qg7 70. Qe2 Kf6 71. Rb8 Bh5 72. Rb6 Be8 73. Qb2 Kg6 74. Rb7 Qf6
75. Qe2 Nh6 76. Nh2 Qf5 77. Rb8 Rg8 78. Qd1 Kh7 79. Rb7+ Rg7 80. Rxg7+ Kxg7 81.
Bf1 Qh5 82. Kg1 Nf5 83. Qe1 Bg6 84. Qf2 Nh6 85. Be2 Bf5 86. Qe1 Qe8 87. Qa5 Qb8
88. Qb6 Qa8 89. Ba6 Bg6 90. Kf2 Bf7 91. Be2 Qa4 92. Qd8 Nf5 93. Nxg4 Qb3 94. Qc7
Qc3 95. Qxc6 Nxg3 96. Qc7 Nh1+ 97. Kg2 Qe1 98. Qe5+ Kf8 99. Qh8+ Ke7 100. Qxh1
Qxe2+ 101. Kg3 Kd8 102. Qh8+ Kd7 103. Qh1 Kc7 104. Qg1 Bh5 105. Ne5 Be8 106. Qf2
Qd1 107. Kg2 Bh5 108. Qb2 Bf3+ 109. Kf2 Kc8 110. c6 1-0

[Event "10th Chennai Open 2018"]
[Site "Chennai IND"]
[Date "2018.01.25"]
[Round "10.4"]
[White "Llaneza Vega, Marcos"]
[Black "Dzhumaev, Marat"]
[Result "0-1"]
[WhiteTitle "IM"]
[BlackTitle "GM"]
[WhiteElo "2421"]
[BlackElo "2434"]
[WhiteFideId "2253585"]
[BlackFideId "14200236"]
[EventDate "2018.01.18"]

1. e4 e5 2. Nf3 Nc6 3. Bc4 Be7 4. d4 d6 5. dxe5 dxe5 6. Qxd8+ Bxd8 7. Bb5 Bd7 8.
Nc3 f6 9. Be3 a6 10. Ba4 b5 11. Bb3 Na5 12. Nd2 Ne7 13. O-O Nxb3 14. Nxb3 b4 15.
Ne2 Bb5 16. Rfe1 Nc6 17. Rac1 a5 18. c4 Ba6 19. Nc5 Bc8 20. Rcd1 Be7 21. Rd5 Kf7
22. f4 exf4 23. Bxf4 Ra7 24. Nc1 Nd8 25. Be3 Ra8 26. e5 Ne6 27. exf6 gxf6 28.
N1d3 Re8 29. Bf2 Bf8 30. Ne4 Ng7 31. Nf4 Bf5 32. Ng3 Rxe1+ 33. Bxe1 Bc8 34. Ne4
Be7 35. Nd2 Ne6 36. Bg3 Nxf4 37. Bxf4 Be6 38. Rh5 Kg6 39. Rb5 c6 40. Rb7 Bc5+
41. Kf1 Re8 42. Rb8 Re7 43. Rd8 Bg4 44. Nf3 Re4 45. Bc7 Rxc4 46. Bxa5 Rc1+ 47.
Ke2 Ra1 48. a3 bxa3 49. bxa3 Rxa3 50. Bd2 Be6 51. Bf4 Bc4+ 52. Kd2 Bb4+ 53. Kc2
Bd5 54. Nh4+ Kf7 55. g4 Rc3+ 56. Kb2 Rc4 57. Bd6 Rxg4 58. Nf5 Rg2+ 59. Kc1 Bd2+ 0-1

[Event "10th Chennai Open 2018"]
[Site "Chennai IND"]
[Date "2018.01.25"]
[Round "10.5"]
[White "Sidhant, Mohapatra"]
[Black "Tukhaev, Adam"]
[Result "1/2-1/2"]
[WhiteTitle "IM"]
[BlackTitle "GM"]
[WhiteElo "2382"]
[BlackElo "2570"]
[WhiteFideId "5028698"]
[BlackFideId "14109476"]
[EventDate "2018.01.18"]

1. e4 c5 2. Nf3 d6 3. Bb5+ Bd7 4. c4 Nf6 5. Nc3 g6 6. d4 cxd4 7. Nxd4 Bg7 8. Be3
O-O 9. h3 Bxb5 10. cxb5 Nbd7 11. O-O Nc5 12. Qf3 Nd3 13. Qe2 Nc5 14. Qf3 Nd3 15.
Qe2 Ne5 16. f4 Ned7 17. Rad1 Rc8 18. Qf3 Qc7 19. Rc1 Qb8 20. Rfd1 Rc4 21. Nd5
Rxc1 22. Nxe7+ Kh8 23. Rxc1 Re8 24. Nd5 Nxd5 25. exd5 Nc5 26. Bf2 Bf6 27. Nb3
Na4 28. f5 g5 29. Bd4 Qd8 30. Qf2 Re4 31. Rc4 Bxd4 32. Rxd4 Qe7 33. Rxe4 Qxe4
34. Qg3 Qe7 35. Na5 Nb6 36. f6 Qxf6 37. Nxb7 Nxd5 38. Qxd6 Qd4+ 39. Kh2 Kg7 40.
Nd8 Qe4 41. Nc6 f6 42. Qg3 h5 43. Qf3 Qe6 44. Nxa7 g4 45. hxg4 hxg4 46. Qg3 Ne3
47. Kg1 Qb6 1/2-1/2

[Event "10th Chennai Open 2018"]
[Site "Chennai IND"]
[Date "2018.01.25"]
[Round "10.6"]
[White "Deepan, Chakkravarthy J."]
[Black "Tiviakov, Sergei"]
[Result "1-0"]
[WhiteTitle "GM"]
[BlackTitle "GM"]
[WhiteElo "2475"]
[BlackElo "2584"]
[WhiteFideId "5011132"]
[BlackFideId "1008013"]
[EventDate "2018.01.18"]

1. d4 Nf6 2. c4 b6 3. Nc3 Bb7 4. Qc2 d5 5. cxd5 Nxd5 6. e4 Nxc3 7. bxc3 e5 8.
dxe5 Nd7 9. Nf3 Qe7 10. a4 Nxe5 11. Nd4 a6 12. Be2 g6 13. h4 c5 14. Nf3 Bg7 15.
Rb1 Nd7 16. Nd2 h5 17. f3 O-O 18. Nc4 Qf6 19. Kf2 b5 20. axb5 axb5 21. Rxb5 Ba6
22. Rb3 Qe6 23. Ne3 c4 24. Rb4 Ne5 25. Nd5 Rfc8 26. Be3 Rc6 27. Bd4 Rac8 28. Qd2
Nd3+ 29. Bxd3 Bxd4+ 30. cxd4 cxd3 31. Qf4 Rd8 32. Kg3 Bc4 33. Rb8 Rd6 34. Rxd8+
Rxd8 35. Qc7 Qd6+ 36. Qxd6 Rxd6 37. Rd1 Bxd5 38. exd5 Rxd5 39. Rxd3 Kg7 40. Kf4
Kf6 41. g4 Ke6 42. Ke3 g5 43. hxg5 Rxg5 44. gxh5 Rxh5 45. Ra3 Rh1 46. Ra6+ Kf5
47. Ra5+ Ke6 48. Re5+ Kf6 49. Kd3 Ra1 50. Rb5 Ke6 51. Ke4 Re1+ 52. Kf4 Rd1 53.
Rb6+ Ke7 54. Ke4 Re1+ 55. Kf5 Re3 56. f4 Re1 57. Rb7+ Ke8 58. d5 Ra1 59. Ke5 Ra6
60. d6 Rc6 61. Re7+ Kf8 62. Rc7 Ra6 63. Rc8+ Kg7 64. d7 1-0

[Event "10th Chennai Open 2018"]
[Site "Chennai IND"]
[Date "2018.01.25"]
[Round "10.7"]
[White "Khusenkhojaev, Muhammad"]
[Black "Solodovnichenko, Yuri"]
[Result "1/2-1/2"]
[WhiteTitle "IM"]
[BlackTitle "GM"]
[WhiteElo "2462"]
[BlackElo "2571"]
[WhiteFideId "14700247"]
[BlackFideId "14104369"]
[EventDate "2018.01.18"]

1. Nf3 d5 2. d4 Nf6 3. c4 e6 4. Nc3 c6 5. e3 Nbd7 6. Qc2 Bd6 7. b3 O-O 8. Be2 e5
9. cxd5 cxd5 10. dxe5 Nxe5 11. Bb2 Nxf3+ 12. Bxf3 d4 13. exd4 Re8+ 14. Ne2 Bb4+
15. Kf1 Qa5 16. d5 Nxd5 17. a3 Bf8 18. b4 Qb5 19. Kg1 Nb6 20. h4 Na4 21. Nc3
Nxc3 22. Qxc3 Bf5 23. Qd4 Rad8 24. Qxa7 Be4 25. Rh3 Bxf3 26. Rxf3 Rd7 27. Bd4
Red8 28. Bc5 Qc4 29. Re3 Qxh4 30. Bxf8 Kxf8 31. Qc5+ Kg8 32. Rae1 h6 33. Re8+
Kh7 34. Rxd8 Qxd8 35. a4 Rd5 36. Qe7 Qxe7 37. Rxe7 b5 38. axb5 Rxb5 39. Re4 g5
40. Kf1 Kg6 41. Ke2 f5 42. Rd4 Kf6 43. Kd3 Ke5 44. Kc3 Rb8 45. Rd1 h5 46. Rb1 h4
47. b5 g4 48. b6 h3 49. gxh3 gxh3 50. Kd3 Kf4 51. Ke2 h2 52. Rh1 Re8+ 53. Kf1
Rh8 54. Kg2 Rg8+ 55. Kxh2 Kf3 1/2-1/2

[Event "10th Chennai Open 2018"]
[Site "Chennai IND"]
[Date "2018.01.25"]
[Round "10.8"]
[White "Raghunandan, Kaumandur Srihari"]
[Black "Sivuk, Vitaly"]
[Result "1-0"]
[WhiteTitle "IM"]
[BlackTitle "GM"]
[WhiteElo "2402"]
[BlackElo "2550"]
[WhiteFideId "25004964"]
[BlackFideId "14116502"]
[EventDate "2018.01.18"]

1. d4 d6 2. Nf3 Bg4 3. c4 Nd7 4. g3 e5 5. Bg2 c6 6. O-O Ngf6 7. Nc3 h6 8. Re1
Be7 9. h3 Bf5 10. e4 Bh7 11. b3 O-O 12. Bb2 Re8 13. Qd2 Bf8 14. Rad1 a6 15. a3
b5 16. c5 exd4 17. Nxd4 Nxc5 18. Nxc6 Qc7 19. Nb4 Nxb3 20. Qf4 Nc5 21. Qxf6 gxf6
22. Ncd5 Qd8 23. Nc6 Nd7 24. Nxd8 Rexd8 25. Nxf6+ Nxf6 26. Bxf6 Re8 27. e5 Rab8
28. Bc6 Re6 29. Bd5 Rxe5 30. Bxe5 dxe5 31. Rxe5 Bxa3 32. Ba2 Rb7 33. Re8+ Kg7
34. Ra8 Rb6 35. Rd7 Bg6 36. Bd5 Bc5 37. Kg2 b4 38. Rc8 Bf8 39. Bb3 a5 40. Ra7
Rf6 41. Rxa5 Be4+ 42. Kf1 Bf5 43. Rc7 Bd6 44. Rc6 Bxh3+ 45. Kg1 Bd7 46. Rb6 Bc8
47. Ra8 Bf5 48. Rd8 Be5 49. Rxb4 Bg6 50. Bd5 Bc3 51. Rb3 Ba5 52. Rd7 Bh5 53. Kg2
Bg4 54. Rdb7 Be1 55. f3 Bh5 56. Re3 Ba5 57. Re5 Bg6 58. Bxf7 Bc3 59. Bb3+ Kf8
60. Rb8+ Kg7 61. Re7+ Bf7 62. Rbb7 1-0

[Event "10th Chennai Open 2018"]
[Site "Chennai IND"]
[Date "2018.01.25"]
[Round "10.9"]
[White "Deshmukh, Anup"]
[Black "Atalik, Suat"]
[Result "0-1"]
[WhiteTitle "IM"]
[BlackTitle "GM"]
[WhiteElo "2285"]
[BlackElo "2538"]
[WhiteFideId "5000564"]
[BlackFideId "14401487"]
[EventDate "2018.01.18"]

1. c4 e6 2. Nc3 d5 3. d4 Nf6 4. Bg5 Be7 5. e3 Nbd7 6. Nf3 h6 7. Bh4 O-O 8. Rc1
Re8 9. a3 dxc4 10. Bxc4 a6 11. Ba2 c5 12. O-O b5 13. Bxf6 Bxf6 14. Ne4 c4 15.
Nd6 Rf8 16. b3 Qe7 17. Nxc8 Rfxc8 18. bxc4 Qxa3 19. Qe2 bxc4 20. Bxc4 a5 21. Ra1
Qd6 22. Bb5 Nb6 23. Ba6 Rc7 24. Rxa5 Rca7 25. Rfa1 Nd5 26. Nd2 Bd8 27. R5a3 Be7
28. Ne4 Qb6 29. Nc5 Bxc5 30. dxc5 Qxc5 31. Ra5 Qc6 32. R5a4 Nc7 33. Rc4 Rxa6 34.
Rac1 Qb5 0-1

[Event "10th Chennai Open 2018"]
[Site "Chennai IND"]
[Date "2018.01.25"]
[Round "10.10"]
[White "Pruijssers, Roeland"]
[Black "Nitin, S."]
[Result "1-0"]
[WhiteTitle "GM"]
[BlackTitle "IM"]
[WhiteElo "2536"]
[BlackElo "2422"]
[WhiteFideId "1013068"]
[BlackFideId "5018277"]
[EventDate "2018.01.18"]

1. c4 e5 2. g3 Nf6 3. Bg2 d5 4. cxd5 Nxd5 5. Nc3 Nb6 6. Nf3 Nc6 7. Rb1 a5 8. O-O
Be7 9. d3 O-O 10. Be3 Re8 11. Rc1 Bf8 12. Na4 Nxa4 13. Qxa4 Bd7 14. Qc4 h6 15.
Bc5 Bd6 16. a3 a4 17. Nd2 Bxc5 18. Qxc5 Nd4 19. Rfe1 c6 20. e3 b6 21. Qc4 Ne6
22. Qc3 Qb8 23. d4 exd4 24. exd4 c5 25. dxc5 bxc5 26. Ne4 Rc8 27. Rcd1 Bc6 28.
Nd6 Bxg2 29. Nxc8 Qxc8 30. Kxg2 Rb8 31. Qe5 Rb3 32. Re3 Qb7+ 33. Qd5 Rxb2 34.
Qxb7 Rxb7 35. Rc1 g5 36. Rc4 h5 37. Rxa4 Kg7 38. h3 Kg6 39. Rae4 Rb1 40. Re5 Ra1
41. Rc3 h4 42. gxh4 Nf4+ 43. Kh2 f6 44. Rexc5 Ra2 45. Rf3 1-0

[Event "10th Chennai Open 2018"]
[Site "Chennai IND"]
[Date "2018.01.25"]
[Round "10.11"]
[White "Karthikeyan, P."]
[Black "Rathnakaran, K."]
[Result "0-1"]
[WhiteTitle "IM"]
[BlackTitle "IM"]
[WhiteElo "2497"]
[BlackElo "2372"]
[WhiteFideId "5018226"]
[BlackFideId "5005507"]
[EventDate "2018.01.18"]

1. Nf3 c5 2. c4 Nc6 3. Nc3 g6 4. d4 cxd4 5. Nxd4 Bg7 6. Nc2 Bxc3+ 7. bxc3 Qa5 8.
e4 Qxc3+ 9. Bd2 Qe5 10. Be2 Qxe4 11. O-O Nf6 12. Bh6 Qh4 13. Qc1 Ne4 14. Bg7 Rg8
15. Bb2 g5 16. Ne3 d6 17. Nd5 Kf8 18. Qe3 Nc5 19. Rae1 Rg6 20. f4 gxf4 21. Nxf4
Rh6 22. h3 e5 23. Nd5 Rg6 24. Kh2 Be6 25. Nc7 Rc8 26. Nxe6+ Nxe6 27. g3 Qh6 28.
Qf2 Rc7 29. Bc1 Qg7 30. Bd3 Ncd4 31. Ba3 Nc5 32. Bxg6 hxg6 33. Qg2 f5 34. Qd5
Qe7 35. g4 Kg7 36. Bxc5 Rxc5 37. Qxd4 Qc7 38. Qd3 f4 39. Rd1 d5 40. cxd5 Rc2+
41. Rd2 Rc3 42. Qe4 Re3 43. Rc2 Qd8 44. Qb4 Kh6 45. g5+ Kxg5 46. Rg1+ Kh5 47.
Rcg2 Rxh3+ 0-1

[Event "10th Chennai Open 2018"]
[Site "Chennai IND"]
[Date "2018.01.25"]
[Round "10.13"]
[White "Dixit, Nikhil"]
[Black "Horvath, Adam1"]
[Result "0-1"]
[BlackTitle "GM"]
[WhiteElo "2139"]
[BlackElo "2484"]
[WhiteFideId "5059534"]
[BlackFideId "708003"]
[EventDate "2018.01.18"]

1. e4 c5 2. Nf3 e6 3. b3 b6 4. Bb2 Bb7 5. Nc3 a6 6. Qe2 Nc6 7. O-O-O b5 8. e5
Qa5 9. d4 cxd4 10. Nxd4 Nxd4 11. Rxd4 Rc8 12. Qd3 Bc5 13. Rg4 Ba3 14. Bxa3 Qxa3+
15. Kb1 Qc5 16. Ne4 Bxe4 17. Rxe4 Qxf2 18. Be2 Ne7 19. Bf3 O-O 20. Rd4 Rxc2 21.
Qxc2 Qxd4 22. Rd1 Qxe5 23. Rxd7 Nf5 24. Qc7 Qf6 25. Qa7 Nh4 26. Bb7 Nxg2 27.
Bxa6 Qf1+ 28. Kb2 Qe2+ 29. Kb1 Ne1 30. Qc5 Nd3 31. Qc3 Qd1+ 0-1